| 000 | 00903nam a2200289 4500 | ||
|---|---|---|---|
| 003 | OSt | ||
| 005 | 20260601171000.0 | ||
| 008 | 260508b1971\\\\||||||||\||||\00|\0\eng\d | ||
| 020 | _a0713445343 | ||
| 040 |
_aICI _bspa _cICI |
||
| 050 |
_aNK1520 _bG67 |
||
| 100 | 1 |
_aGosslett, Dorothy _931264 |
|
| 245 | 1 |
_aThe Professional Practice of Design/ _cDorothy Goslett |
|
| 250 | _a1a ed. | ||
| 264 |
_bB.T. Batsford LTD London _c1971 _aLondres |
||
| 300 | _a262 páginas | ||
| 336 |
_atexto _2rdacontent |
||
| 337 |
_asin medio _2rdamedia |
||
| 338 |
_avolumen _2rdacarrier |
||
| 650 |
_aDiseño industrial _xPráctica profesional |
||
| 650 |
_aDiseño industrial _xAdministración |
||
| 650 |
_aDiseño _xAspectos profesionales _931267 |
||
| 650 |
_aDiseño y empresa _931268 |
||
| 650 |
_aGestión del diseño _931269 |
||
| 650 |
_aDiseño industrial _xAspectos económicos _931270 |
||
| 942 |
_2lcc _cB _n1 |
||
| 999 |
_c20029 _d20029 |
||